MARC

LEADER 00000nam0a2200000 4500
001 331078
005 20231101025750.0
035 |a (RuTPU)RU\TPU\book\356866 
090 |a 331078 
100 |a 20170414d1963 km y0rusy50 ca 
101 0 |a rus 
102 |a RU 
105 |a a z 001zy 
200 1 |a Физические основы формирования структуры сплавов  |f И. В. Салли 
210 |a Москва  |c Металлургиздат  |d 1963 
215 |a 219 с.  |c ил. 
320 |a Библиогр.: с. 213-219 
606 1 |a Сплавы  |x Структура  |2 stltpush  |3 (RuTPU)RU\TPU\subj\55913 
610 1 |a формирование 
610 1 |a физические основы 
610 1 |a термодинамика 
610 1 |a неравновесные состояния 
610 1 |a фазы 
610 1 |a превращения 
610 1 |a кинетика 
610 1 |a коалесценция 
610 1 |a поверхностное натяжение 
610 1 |a графитизированные сплавы 
610 1 |a стабильное состояние 
675 |a 669.017.16  |v 4 
700 1 |a Салли  |b И. В.  |g Илья Васильевич 
801 1 |a RU  |b 63413507  |c 20170414 
801 2 |a RU  |b 63413507  |c 20170417  |g RCR 
942 |c BK